| 000 | 00809nam a2200253Ia 4500 | ||
|---|---|---|---|
| 999 |
_c41065 _d41065 |
||
| 001 | 7714 | ||
| 003 | GE_BSU | ||
| 005 | 20221116114520.0 | ||
| 008 | 181216s2001en xx |||||||||||||| ||eng|| | ||
| 020 | _a1852332360.x | ||
| 040 | _cGE_BSU | ||
| 041 | _aeng | ||
| 080 | _a510.22 A-54 | ||
| 100 |
_aAnderson,Ian. _914674 |
||
| 245 | 2 |
_aA First Course in Discrete Mathematics / _cIan Anderson, Advisory Board:P.J.cameron,M.A.J.Chaplain,and other. |
|
| 264 |
_aLondon: _bSpringer, _c2002. |
||
| 300 |
_a200 p; _c23 cm. |
||
| 440 |
_aSpringer Undergraduate Mathematics Series. _914675 |
||
| 653 | _aA First Course in Discrete Mathematics | ||
| 653 | _aმათემატიკა | ||
| 700 |
_aCameron, P.J _eAdvisory Board _914676 |
||
| 700 |
_aChaplain, ,M.A.J _eAdvisory Board _914677 |
||
| 942 |
_cBK _2udc |
||